Central Library OPAC University of Rajshahi

A director prepares : (Record no. 82105)

MARC details
000 -LEADER
fixed length control field 00807nam a2200265 a 4500
001 - CONTROL NUMBER
control field 82105
003 - CONTROL NUMBER IDENTIFIER
rucl marc code BD-RjUL
005 - DATE AND TIME OF LATEST TRANSACTION
control field 20231012153459.0
008 - FIXED-LENGTH DATA ELEMENTS--GENERAL INFORMATION
fixed length control field 231012s2001 enk 000 0 eng
020 ## - INTERNATIONAL STANDARD BOOK NUMBER
International Standard Book Number 0415238323 (pbk.)
International Standard Book Number 0415238315 (hbk)
035 ## - SYSTEM CONTROL NUMBER
System control number (BD-RjUL)82105
040 ## - CATALOGING SOURCE
Original cataloging agency DLC
Transcribing agency DLC
Modifying agency DLC
-- BD-RjUL
Language of cataloging eng
041 ## - LANGUAGE CODE
Language code of text/sound track or separate title eng
082 00 - DEWEY DECIMAL CLASSIFICATION NUMBER
Edition number 21
Classification number 792.023
Author mark and year BOD 2001
100 1# - MAIN ENTRY--PERSONAL NAME
Personal name Bogart, Anne,
Dates associated with a name 1951-
9 (RLIN) 9522
245 12 - TITLE STATEMENT
Title A director prepares :
Remainder of title seven essays on art and theatre /
Statement of responsibility, etc. Anne Bogart.
260 ## - PUBLICATION, DISTRIBUTION, ETC. (IMPRINT)
Place of publication, distribution, etc. London ;
-- New York :
Name of publisher, distributor, etc. Routledge,
Date of publication, distribution, etc. 2001.
300 ## - PHYSICAL DESCRIPTION
Pagination ix, 155 p. ;
Size 21 cm.
650 #0 - SUBJECT ADDED ENTRY--TOPICAL TERM
Topical term or geographic name as entry element Theater
General subdivision Production and direction.
9 (RLIN) 9523
Topical term or geographic name as entry element Creation (Literary, artistic, etc.)
9 (RLIN) 9524
Topical term or geographic name as entry element Arts
Form subdivision Miscellanea.
9 (RLIN) 9525
942 ## - ADDED ENTRY ELEMENTS (KOHA)
Source of classification or shelving scheme Dewey Decimal Classification
Koha item type Books
Holdings
Lost status Source of classification or shelving scheme Damaged status Not for loan Collection code Permanent Location Current Location Shelving location Date acquired Source of acquisition Cost, normal purchase price Total Checkouts Full call number Date last seen Copy number Koha item type
  Dewey Decimal Classification   Not For Loan Non-fiction Central Library, University of Rajshahi Central Library, University of Rajshahi Reading Room 05/06/2023 Dhaka : Page mark 2829.29   792.023 BOD 2001 12/10/2023 C-1 Books
  Dewey Decimal Classification     Non-fiction Central Library, University of Rajshahi Central Library, University of Rajshahi General Stacks 05/06/2023 Dhaka : Page mark 2829.29   792.023 BOD 2001 12/10/2023 C-2 Books